| 000 | 01096cam a2200337 a 4500 | ||
|---|---|---|---|
| 999 |
_c41163 _d41163 |
||
| 001 | 3786044 | ||
| 003 | OSt | ||
| 005 | 20210702135641.0 | ||
| 008 | 840404s1985 nyua 001 0 eng | ||
| 010 | _a 84005480 | ||
| 020 | _a9780387909752 | ||
| 040 |
_aDLC _cDLC _dDLC |
||
| 050 | 0 | 0 |
_aQA303 _b.M3372 1985b |
| 082 | 0 | 0 |
_a515 _220 _bMAR/C |
| 100 | 1 |
_aMarsden, Jerrold E. _98628 |
|
| 240 | 1 | 0 |
_aCalculus. _nChapters 7-12 |
| 245 | 1 | 0 |
_aCalculus II / _cJerrold Marsden, Alan Weinstein. |
| 250 | _a2nd ed. | ||
| 260 |
_aNew York : _bSpringer-Verlag, _c1985. |
||
| 300 |
_axiv p., 338-644, [42] p. : _bill. ; _c27 cm. |
||
| 440 | 0 | _aUndergraduate texts in mathematics | |
| 500 | _aPrevious ed. published in 1980 as chapters 7-12 of Calculus. | ||
| 500 | _aIncludes index. | ||
| 650 | 0 | _aCalculus. | |
| 700 | 1 |
_aWeinstein, Alan, _d1943- |
|
| 700 | 1 |
_aMarsden, Jerrold E. _tCalculus. _nChapters 7-12. _98628 |
|
| 740 | 0 | _aCalculus two. | |
| 740 | 0 | _aCalculus 2. | |
| 906 |
_a7 _bcbc _corignew _d1 _eocip _f19 _gy-gencatlg |
||
| 942 |
_2ddc _cBK _h515 _iMAR/C _k515 _mMAR/C |
||